Statistics for Taxonomy Classification

Click here to take the quiz!

General Stats

  • This quiz has been taken 215 times
    (209 since last reset)
  • The average score is 7 of 8

Answer Stats

Acronym HintAnswer% Correct
KingKingdom
98%
SpaghettiSpecies
97%
GreenGenus
95%
PhilipPhylum
91%
CameClass
89%
OverOrder
89%
ForFamily
89%
DDomain
81%

Score Distribution

Percentile by Number Answered

Percent of People with Each Score

Your Score History

You have not taken this quiz since the last reset